| 000 | 00742nam a22002297a 4500 | ||
|---|---|---|---|
| 003 | 0 | ||
| 005 | 20250827141040.0 | ||
| 008 | 250827b xxu||||| |||| 00| 0 eng d | ||
| 020 | _a978-1-83683-020-7 | ||
| 050 |
_aP 94.5.S64 _b.R67 2025 |
||
| 100 |
_aRoss, Declan, _eauthor. |
||
| 245 |
_aMedia, society and communication / _cDeclan Ross. |
||
| 250 | _aFirst edition. | ||
| 260 |
_aLondon, UK : _bVintage Press Ltd, _c2025. |
||
| 300 |
_aix, 276 pages : _bcolored illustrations ; _c24 cm. |
||
| 504 | _aIncludes bibliographical references and index. | ||
| 650 |
_aMass media _xSocial aspects. |
||
| 650 |
_aCommunication _xSocial aspects. |
||
| 650 | _aMass media and society. | ||
| 650 | _aCommunication and culture. | ||
| 942 |
_2lcc _cBK |
||
| 999 |
_c367646 _d367646 |
||